Lead poisoning in the manufacture of storage batteries / (Record no. 463544)
[ view plain ]
| 000 -LEADER | |
|---|---|
| fixed length control field | 00818nam a2200277 a 4500 |
| 001 - CONTROL NUMBER | |
| control field | vtls001192539 |
| 003 - CONTROL NUMBER IDENTIFIER | |
| control field | NLI |
| 005 - DATE AND TIME OF LATEST TRANSACTION | |
| control field | 20210603151049.0 |
| 008 - FIXED-LENGTH DATA ELEMENTS--GENERAL INFORMATION | |
| fixed length control field | 120328s1915 ii a 000 0 eng d |
| 039 #9 - LEVEL OF BIBLIOGRAPHIC CONTROL AND CODING DETAIL [OBSOLETE] | |
| -- | 201203281643 |
| -- | VLOAD |
| 040 ## - CATALOGING SOURCE | |
| Original cataloging agency | NLI |
| Language of cataloging | eng |
| Transcribing agency | Entertech IMP - 2012 |
| Description conventions | AACR2 |
| 041 0# - LANGUAGE CODE | |
| Language code of text/sound track or separate title | eng |
| 044 ## - COUNTRY OF PUBLISHING/PRODUCING ENTITY CODE | |
| MARC country code | ii |
| 084 ## - OTHER CLASSIFICATION NUMBER | |
| Classification number | 131.D.165 |
| 100 1# - MAIN ENTRY--PERSONAL NAME | |
| Personal name | Hamilton, Alice, |
| Dates associated with a name | 1869-1970 |
| 9 (RLIN) | 457698 |
| 245 10 - TITLE STATEMENT | |
| Title | Lead poisoning in the manufacture of storage batteries / |
| Statement of responsibility, etc. | Alice Hamilton |
| 260 ## - PUBLICATION, DISTRIBUTION, ETC. | |
| Place of publication, distribution, etc. | Calcutta : |
| Name of publisher, distributor, etc. | Industry Book Dept, |
| Date of publication, distribution, etc. | 1915 |
| 300 ## - PHYSICAL DESCRIPTION | |
| Extent | vi, 174 p. : |
| Other physical details | ill. ; |
| Dimensions | 18 cm. |
| 650 #0 - SUBJECT ADDED ENTRY--TOPICAL TERM | |
| Topical term or geographic name entry element | Storage batteries |
| 650 #0 - SUBJECT ADDED ENTRY--TOPICAL TERM | |
| Topical term or geographic name entry element | Lead-poisoning |
| 9 (RLIN) | 626170 |
| 887 ## - NON-MARC INFORMATION FIELD | |
| Content of non-MARC field | |
| 901 ## - LOCAL DATA ELEMENT A, LDA (RLIN) | |
| a | IMP78107 : |
| b | 12.10.2010 |
| 902 ## - LOCAL DATA ELEMENT B, LDB (RLIN) | |
| a | 131.D.165 |
| 942 ## - ADDED ENTRY ELEMENTS (KOHA) | |
| Source of classification or shelving scheme | Dewey Decimal Classification |
| Koha item type | Books |
| 949 ## - LOCAL PROCESSING INFORMATION (OCLC) | |
| -- | VIRTUAITEM |
| -- | 10000 |
| -- | 100 |
| 6 | IMP000078107ENG |
| Withdrawn status | Lost status | Damaged status | Not for loan | Home library | Current library | Date acquired | Total Checkouts | Full call number | Barcode | Date last seen | Price effective from | Koha item type |
|---|---|---|---|---|---|---|---|---|---|---|---|---|
| National Library of India | National Library of India | 131.D.165 | IMP000078107ENG | 03/06/2021 | 03/06/2021 | Books |
